|
|
|
|
| LEADER |
04072nam a22004575i 4500 |
| 001 |
978-0-85729-814-0 |
| 003 |
DE-He213 |
| 005 |
20151125212314.0 |
| 007 |
cr nn 008mamaa |
| 008 |
111103s2012 xxk| s |||| 0|eng d |
| 020 |
|
|
|a 9780857298140
|9 978-0-85729-814-0
|
| 024 |
7 |
|
|a 10.1007/978-0-85729-814-0
|2 doi
|
| 040 |
|
|
|d GrThAP
|
| 050 |
|
4 |
|a RD701-811
|
| 072 |
|
7 |
|a MNS
|2 bicssc
|
| 072 |
|
7 |
|a MED065000
|2 bisacsh
|
| 082 |
0 |
4 |
|a 616.7
|2 23
|
| 245 |
1 |
0 |
|a Practical Procedures in Elective Orthopaedic Surgery
|h [electronic resource] :
|b Pelvis and Lower Extremity /
|c edited by Peter V. Giannoudis.
|
| 264 |
|
1 |
|a London :
|b Springer London :
|b Imprint: Springer,
|c 2012.
|
| 300 |
|
|
|a XVI, 321 p. 452 illus., 380 illus. in color.
|b online resource.
|
| 336 |
|
|
|a text
|b txt
|2 rdacontent
|
| 337 |
|
|
|a computer
|b c
|2 rdamedia
|
| 338 |
|
|
|a online resource
|b cr
|2 rdacarrier
|
| 347 |
|
|
|a text file
|b PDF
|2 rda
|
| 505 |
0 |
|
|a Pelvis -- Osteotomies -- The Periacetabular Osteotomy -- Triple Pelvic Osteotomy -- Fusions -- Pubic Symphysis Fusion -- Sacroiliac Joint Fusion -- Lower Extremity -- Hip – Femur -- Hip Arthroscopy For Hip Impingement Syndrome -- Cemented Total Hip Arthroplasty (THA) – Posterior Approach -- Cementless Total Hip Arthroplasty (THA) – Posterior Approach -- Hip Resurfacing Arthroplasty -- Revision Total Hip Arthroplasty -- Trochanteric Osteotomy - Surgical Technique -- Excision of Heterotopic Ossification (HO) of the Hip -- Dunn’s Procedure -- Treatment of the Avascular Femoral Head Necrosis with Bone Morphogenetic Protein and Filtered Autologous Mesenchymal Stem Cells -- Femoral Neck Non-Union (Intracapsular) -- Subtrochanteric Femoral Non-Union -- Femoral Shaft Non-unions – Exchange Nailing -- Distal Femoral Non-Union -- Knee – Tibia -- Chapter 18: Knee Arthroscopy -- Knee Arthroscopic Partial Meniscectomy -- Arthroscopic Anterior Cruciate Ligament (ACL) Reconstruction -- Arthroscopic Posterior Cruciate Ligament (PCL) Reconstruction -- Postero-Lateral Corner (PLC) Repair -- Unicompartmental Knee Arthroplasty -- Total Knee Replacement (TKR) -- Chapter 25: Revision Total Knee Arthroplasty -- Tibial Shaft Non-union – Exchange Nailing -- Tibial Shaft Non-union – Plating -- Masquelet Technique for Distal Tibial Infected Non-Union -- Corrective Osteotomies about the Knee – Opening Wedge High Tibial Osteotomy -- Ankle - Foot -- Ankle Arthroscopy -- Ankle Joint Fusion -- Subtalar Joint Fusion -- Total Ankle Arthroplasty -- Osteochondral Autograft Transfer for an Osteochondral Lesion of the Talus -- Achilles Tendon Lengthening -- Posterior Tibialis Tendon Transfer -- Triple Arthrodesis of the Foot -- Hallux Valgus Correction -- Fusion of the 1st Metatarsophalangeal Join -- Claw / Hammer Toe Repair.
|
| 520 |
|
|
|a Practical Procediures in Orthopaedic Surgery covers the most common procedures that a surgeon in training is expected to perform during his residency program for the pelvic ring and the lower extremity. Each procedure has been written by an expert or under a supervision of an expert. Each chapter provides such useful information to the trainee as indications, clinical and radiological assessment, surgical approach, implant positioning, tips and tricks, post-operative complications to be aware of, mode of mobilisation and the time intervals of outpatient follow up. Intra-operative pictures have been incorporated to allow the surgeon to be aware of all the important issues and steps involved for each procedure.
|
| 650 |
|
0 |
|a Medicine.
|
| 650 |
|
0 |
|a Orthopedics.
|
| 650 |
|
0 |
|a Sports medicine.
|
| 650 |
1 |
4 |
|a Medicine & Public Health.
|
| 650 |
2 |
4 |
|a Orthopedics.
|
| 650 |
2 |
4 |
|a Surgical Orthopedics.
|
| 650 |
2 |
4 |
|a Conservative Orthopedics.
|
| 650 |
2 |
4 |
|a Sports Medicine.
|
| 700 |
1 |
|
|a Giannoudis, Peter V.
|e editor.
|
| 710 |
2 |
|
|a SpringerLink (Online service)
|
| 773 |
0 |
|
|t Springer eBooks
|
| 776 |
0 |
8 |
|i Printed edition:
|z 9780857298133
|
| 856 |
4 |
0 |
|u http://dx.doi.org/10.1007/978-0-85729-814-0
|z Full Text via HEAL-Link
|
| 912 |
|
|
|a ZDB-2-SME
|
| 950 |
|
|
|a Medicine (Springer-11650)
|